Vikram Seth multiple locations, multiple affiliations. (Mala Pandurang). (Record no. 104939)

MARC details
000 -LEADER
fixed length control field 00486nam a2200157Ia 4500
008 - FIXED-LENGTH DATA ELEMENTS--GENERAL INFORMATION
fixed length control field 210210b2001 xxu||||| |||| 00| 0 eng d
020 ## - INTERNATIONAL STANDARD BOOK NUMBER
International Standard Book Number 81 7033 657 0
082 ## - DEWEY DECIMAL CLASSIFICATION NUMBER
Classification number 820.954 WRIV
100 ## - MAIN ENTRY--PERSONAL NAME
Personal name WRITERS OF THE INDIAN DIASPORA
245 ## - TITLE STATEMENT
Title Vikram Seth multiple locations, multiple affiliations. (Mala Pandurang).
260 ## - PUBLICATION, DISTRIBUTION, ETC.
Place of publication, distribution, etc. Jaipur.
Name of publisher, distributor, etc. Rawat Publications.,
Date of publication, distribution, etc. 2001
300 ## - PHYSICAL DESCRIPTION
Extent 191
650 ## - SUBJECT ADDED ENTRY--TOPICAL TERM
Topical term or geographic name entry element Vikram Seth Mala Panduranga<br/><br/>
690 ## - LOCAL SUBJECT ADDED ENTRY--TOPICAL TERM (OCLC, RLIN)
Topical term or geographic name as entry element Indian English Criticism
906 ## - LOCAL DATA ELEMENT F, LDF (RLIN)
a 057670
Holdings
Withdrawn status Lost status Damaged status Not for loan Collection code Home library Current library Shelving location Date acquired Source of acquisition Cost, normal purchase price Total Checkouts Full call number Barcode Date last seen Price effective from Koha item type
          St Aloysius Library St Aloysius Library   02/17/2021 Book World, Mangalore. 395.00   820.954 WRIV 057670 02/17/2021 02/17/2021 Book